000 00944cam a2200229 a 4500
001 000001704
003 DO-SdBNP
005 20251030134649.0
008 831220s1956 ve a 000 0 spa d
040 _aDO-SdBNP
_bspa
_cBNPHU
082 4 _aV868.4
_bG463h
_222
100 1 _aGil Fortoul, José,
_d1861-1943.
_95548
245 1 3 _aEl humo de mi pipa /
_cJosé Gil Fortoul ; prólogo de J.S. Penzini Hernández.
260 _aCaracas, :
_bMinisterio de Educación Direccion de Cultura y Bellas Artes,
_bDireccion de Cultura y Bellas Artes
_bComisión Editora de las Obras Completas de José Gil Fortoul,
_c1956.
300 _a571 p. :
_bil. ;
_c24 cm.
440 0 _aObras completas,
_vv. 5
_95549
505 0 _aEl humo de mi pipa. Discursos y palabras. De hoy para manana.
650 4 _aLiteratura venezolana
_93816
651 0 _aVenezuela
_xPolítica y gobierno
_y1830
_926230
_2LEMB
910 _aCatalogación por copia / LC
942 _2ddc
_cLBS1
999 _c1585
_d1585